Algerie : ved demokratiets grense /

Saved in:
Bibliographic Details
Main Author: Løchstøer, Cathrine, 1951-
Format: Book
Language:Norwegian
Published: Oslo : Aschehoug, 1995.
Subjects:
Tags: Add Tag
No Tags, Be the first to tag this record!
LEADER 00776nam a2200265Ia 4500
001 006148564-0
005 20040818144228.0
008 040224s1995 no b 001 0 nor d
020 |a 8203260926 
035 0 |a ocm54476320 
040 |a TEF  |c TEF 
043 |a f-ae--- 
090 |a DT284  |b .L63 1995 
100 1 |a Løchstøer, Cathrine,  |d 1951- 
245 1 0 |a Algerie :  |b ved demokratiets grense /  |c Cathrine Løchstøer. 
260 |a Oslo :  |b Aschehoug,  |c 1995. 
300 |a 304 p. ;  |c 22 cm. 
500 |a Map on lining paper. 
504 |a Includes bibliographical references (p. 288-[294]) and index. 
651 0 |a Algeria  |x History. 
651 0 |a Algeria  |x Politics and government. 
650 0 |a Islam  |z Algeria. 
650 0 |a Arabs and Islam. 
988 |a 20040818 
906 |0 OCLC